000 00216nam a22000857a 4500
008 221128b |||||||| |||| 00| 0 eng d
020 _a9780545980258
100 _aStilton Geronimo
_97367
245 _aThe Kingdom of Fantasy
999 _c12163
_d12163